000 01301cam a2200253 4500
001 ABS65552
008 020528n2002 000 0 eng u
035 _a(Sirsi) u118174
100 _aWatkins, D
245 _aAccommodating change - planning for tomorrow's countryside in the North East
260 _c2002
490 _aTown & Country Planning
_v71(4) April 2002, 111-113(3)
520 _aExplains how the 'character approach' to land use planning being promoted by the Countryside Agency aims to help ensure that necessary development in and around rural towns and villages is sensitively designed and located to reflect local character and particularly how a briefing note recently issued in the north east seeks to apply the approach to development planning and decision-making. A copy of the briefing note, "Incorporating the character approach into development plans", can be obtained from Richard Kerven on +44 (0)191 269 1600 or [email protected]
590 _aABS
650 _aRURAL DEVELOPMENT
650 _aLOCAL CHARACTER
650 _aPLANNING SYSTEM
650 _aRURAL COMMUNITIES
650 _aBRIEFING PAPER
690 _aENVIRONMENTAL AND LAND CONSULTANCY-PLANNING AND DEVELOPMENT
700 _aChambers, R
700 _aKerven, R
942 _n0
999 _c70372
_d70372